Music Quiz

Random Music Quiz

Gregorian Chant: Agnus Dei Quiz Stats

 Plays Quiz not verified by Sporcle

Challenge
Share
Tweet
Embed
Score 0/17 Timer 03:00
0 Plays Today
Lyrics % Correct
Agnus
100%
Dei
100%
Agnus
100%
Dei
100%
qui
92.9%
tollis
92.9%
peccata
92.9%
mundi
92.9%
nobis x2
92.9%
Lyrics % Correct
qui
92.9%
tollis
92.9%
peccata
92.9%
mundi
92.9%
dona
92.9%
nobis
92.9%
pacem.
92.9%
miserere
85.7%

You're not logged in!

Compare scores with friends on all Sporcle quizzes.
OR
Log In

You Might Also Like...

Show Comments

Extras

Created Feb 4, 2017ReportNominate
Tags:catholic, chant, gregorian

Top Quizzes Today


Score Distribution

Your Account Isn't Verified!

In order to create a playlist on Sporcle, you need to verify the email address you used during registration. Go to your Sporcle Settings to finish the process.

Report this User

Report this user for behavior that violates our Community Guidelines.

Details: